00823nam a2200205 a 450000100100000000500170001000800410002704000250006808200200009310000330011324500470014626000870019330000200028059000270030065000270032765000310035491000370038595201780042299900170060000003294620240530073920.0110804s1940 dr r 000 f spa d aDO-SdBNPbspacBNPHU aRD863.42bG463g1 aGil Álvarez, Rafael95869213aEl gallo de acero /cRafael Gil Álvarez. aCiudad Trujillo, República Dominicana :bImprenta Echevarría Espaillat,c1940. a53 p. ;c20 cm. aInventariado, 2018/ YL 0aNovela dominicana9223 0aLiteratura dominicana.967 aValidado. Control de calidad MFF 001050718RVaPDbPDcHDd2011-08-04iLF1l0oRD863.42 G463gp32946-10r2020-06-25w2020-06-25y1zPerteneció a la biblioteca personal de Jose Ortega FrierZNo se presta c32437d32437